000 01973nam a2200325 a 4500
001 BRCA_4968
005 20190320204900.0
008 251010c1711----mx-######v---#000-0#----#
041 _aspa
044 _amx
084 _aDOC62
_b.A44
_c1711
100 1 _aAlencastre Noroña y Silva, Fernando de,
_cDuque de Linares,
_d1641-1717
_912640
245 1 0 _aDocumento firmado por el Virrey Fernando de Alencastre Noroña y Silva
_cFernando de Alencastre Noroña y Silva ; [Felipe V].
260 _aMéxico
_c1711
300 _a[4] fojas
_c30 x 21 cm.
500 _aDocumento firmado el 4 de junio de 1711.
500 _aDocumento en cuál Don Fernando de Alancastre Noroña y Silva Duque de Linares, da cuenta de una Real Cédula que el Rey manda a las Autoridades y Oficiales Reales de la Corte, a fin de que se guarde, cumpla y ejecute su tenor, procediendo a lo que se previene en caso de que se presenten los despachos que éste expresa y que de cuenta como en él se contiene. La Real Cédula ordena que se revisen los Oficios Reales recibidos en virtud de estarse falsificando algunos.
500 _aContiene dos sellos con el escudo de la casa de Borbón y el lema: ´SELLO QUARTO, UN QUARTILLO, AÑOS DE MIL SETECIENTOS Y DIEZ Y SETECIENTOS Y ONZE´.
500 _aEl documento contiene la leyenda DOC. #72.
500 _aPapel con marca de agua.
500 _aEstado de conservación: contiene pequeñas manchas de acidez.
506 0 _aFondo Reservado. Para su consulta es necesario credencial de usuario y carta de motivos.
546 _aTexto en: español de principios del siglo XVIII.
600 1 4 _aAlencastre Noroña y Silva, Fernando de,
_bDuque de Linares,
_d1641-1717
_xHistoria
_912641
650 1 4 _aDocumentos legales
_vImpreso
_xHistoria
_yCasa de Borbón, 1700
_zEspaña
_912589
651 4 _aMéxico
_xHistoria
_yColonia, 1521-1821
_912461
700 1 _aFelipe
_bV,
_cRey de España,
_d1683-1746
_912642
902 _aFDH
942 _2lcc
_cD
999 _c4662
_d4662